| 000 | 00560nam a2200217Ia 4500 | ||
|---|---|---|---|
| 003 | OSt | ||
| 005 | 20230508145715.0 | ||
| 008 | 210423s2010 xx 000 0 und d | ||
| 020 | _a9780070582378 | ||
| 040 | _cAL | ||
| 041 | _aeng | ||
| 082 |
_a510 WYLC _223 |
||
| 100 |
_aWYLIE (C Ray);BARRETT (Louis C). _999888 |
||
| 245 | _aAdvanced engineering mathematics. | ||
| 250 | _a6 | ||
| 260 |
_aNew Delhi _bTata McGraw-hill _c2010 |
||
| 300 |
_axxii,1362 _bPB |
||
| 365 |
_b895 _cINR |
||
| 906 | _aAdvanced ; engineering ; mathematics. | ||
| 942 |
_2ddc _cBK |
||
| 999 |
_c162468 _d162468 |
||